The Animals and Creatures of Harry Potter - Statistics

General Stats
  • This quiz has been taken 644 times
  • The average score is 13 of 15
Answer Stats
Hint Answer % Correct
Hedwig Snowy Owl
100%
Crookshanks Half-Kneazle, half-cat
97%
Scabbers Rat
97%
Nagini Snake
96%
Dobby House-elf
94%
Fang Boarhound
93%
Fawkes Phoenix
91%
Buckbeak Hippogriff
87%
Norbert Norwegian Ridgeback Dragon
87%
Grawp Giant
86%
Firenze Centaur
84%
Griphook Goblin
83%
Fluffy Cerberus
79%
Aragog Acromantula
58%
Arnold Pygmy Puff
54%
No matching quizzes found
Score Distribution
Percent of People with Each Score
Percentile by Number Answered
Your Score History
You have not taken this quiz